1234 1663 1529 1523 1606 1022 1088 1733 1610 1687 1827 1891 1079 1920 1912 1384 1021 1438 1557 1759 1578 1580 1881 1952 1990 1169 1322 1262 1749 1836 1887 1807 1266 1459 1205 1988 1000 1450 1880 1370 1039 1685 1601 1764 1129 1009 1820 1925 1059 1910 1603 1047 1463 1484 1899 1211 1395 1299 1845 1345 1663 1990 1170 1567 1299 1495 1373 1506 1039 1178 1846 1876 1286 1236 1237 1104 1937 1382 1009 1337 1426 1211 1374 1635 1709 1351 1203 1794 1402 1622 1613 1539 1821 1657 1870 1139 1826 1094 1069 BCNSPRNW ULIB Ver.6.0+V

เปลี่ยนเป็นภาษาไทย

Change to English
 แสดงรายละเอียดบรรณานุกรม
  กลับหน้าหลัก

Brief Record : Get Marc (ISO 2709) : E-mail record : QR code < ปิดหน้าต่าง
LEADER : 00000nam 2200000uu 4500
001    13399112824
003     ULIB
008    110912s2545||||th 000 0 tha d
020    9749524179
099    วจ.LB2324^bร423ร
100 0  รัชต์วรรณ กาญจนปัญญาคม
245 10 รายงานวิจัยเรื่องการพัฒนาดัชนีและเกณฑ์การประเมินระบบประกัน คุณภาพการศึกษาภายใน ระดับคณะวิชาเพื่อมุ่งสู่ความเป็นเลิศ=^bThe development of indicators and criteria for internal assessment for quality enhancement /^cรัชต์วรรณ กาญจนปัญญาคม, ก้องกิติ พูสวัสดิ์
246 30 การพัฒนาดัชนีและเกณฑ์การประเมินระบบประกันคุณภาพการศึกษาภาย ในระดับคณะวิชาเพื่อมุ่ง สู่ความเป็นเลิศ
246 31 Development of indicators and criteria for internal assessment for quality enhancement
250    พิมพ์ครั้งที่ 2
260    กรุงเทพฯ :^bสำนักงานปลัดทบวงมหาวิทยาลัย,^c2545
650  4 การศึกษาขั้นอุดมศึกษา^xมาตรฐาน^zไทย^xวิจัย
650  4 ประกันคุณภาพการศึกษาระดับอุดมศึกษา^xวิจัย
710 2  ทบวงมหาวิทยาลัย. ^bสำนักงานปลัดทบวง
945    ^p0^l0^i016939
995    ทศพร
999 ^a ทศพร
รายการนี้ยังไม่มีแท็ก
คุณยังไม่ได้ล็อกอิน คุณสามารถมีกิจกรรมร่วมกับเว็บไซต์ได้ แต่ต้องล็อกอินก่อน ::
  ล็อกอิน

รายการสื่อสารสนเทศ

ลำดับที่ ประเภท เลขเรียก/บาร์โค้ด สถานที่ สถานะ
- ไม่พบข้อมูล -

BibComment


ยังไม่เคยถูกคอมเมนท์

คอมเมนท์ทรัพยากรรายการนี้
  คอมเมนท์: รายงานวิจัยเรื่อง..


 Copyright 2026. Bcnsprnw @Library